|
|
|
|
| LEADER |
00000nam a2200000 4500 |
| 001 |
000074963 |
| 003 |
OCoLC |
| 005 |
20060716123629.0 |
| 008 |
031120t19951877mx 000-1 spa d |
| 020 |
|
|
|a 9684328761
|
| 040 |
|
|
|a TXP
|c TXP
|
| 041 |
1 |
|
|a spa
|h fre
|
| 050 |
|
4 |
|a AC75
|b S3 n.414 1995
|
| 082 |
0 |
0 |
|a Fic
|b Z74t
|
| 090 |
|
|
|a AC75
|b S3 n.414 1995
|
| 099 |
|
|
|a PQ2496
|a .A68 1983
|
| 100 |
1 |
|
|a Zola, Emile,
|d 1840-1902.
|
| 245 |
1 |
3 |
|a La taberna /
|c Emilio Zola ; prólogo de Guy de Maupassant.
|
| 250 |
|
|
|a 3a ed.
|
| 260 |
|
|
|a México :
|b Porrúa,
|c 1995.
|
| 300 |
|
|
|a xxvi, 269 p. ;
|c 22 cm.
|
| 490 |
0 |
|
|a "Sepan cuantos ... " ;
|v 414
|
| 700 |
1 |
|
|a Maupassant, Guy de,
|d 1850-1893.
|
| 830 |
|
0 |
|a "Sepan cuantos ... " ;
|v 414
|
| 905 |
|
|
|a LIBROS
|
| 902 |
|
|
|a Juan Pascual Garcia L.
|
| 949 |
|
|
|a Biblioteca UAM Iztapalapa
|b Colección General
|c AC75 S3 n.414 1995
|